Obálka Náhled e-knihy:
PDF Epub
Pro půjčování e-knih musíte být přihlášeni.
Jak si půjčit online?

Kuba & Osvald. Tajemství lesních skřítků /

Další příběhy skřítčího kluka Kuby a jeho kamaráda křečka Osvalda. Tentokrát společně se skřítkem Rozárkou hledají ztracenou královnu.

Uloženo v:
Série:Kuba & Osvald, část 2
Hlavní autor: Dax, Eva, 1976- (Autor)
Další autoři: Dully, Sabine, 1974- (Autor), Brčáková, Martina (Ilustrátor)
Médium: E-kniha
Jazyk:Czech
Vydáno: V Praze : Fragment, 2022
Vydání:1. vydání
Témata:
Příbuzné jednotky:Z cyklu:: Kuba & Osvald
Tagy:
Žádné tagy
LEADER 02788nam a2200541 i 4500
001 311696
003 CZ PrSKC
005 20260601215710.0
007 ta
008 221018s2022 xr a b 000 j cze
015 |a cnb003464753 
020 |a 9788025360590  |q (vázáno) :  |c Kč 299,00 
035 |a (OCoLC)1354195054 
040 |a ABG001  |b cze  |d BOA001  |d ABA001  |e rda 
041 1 |a cze  |h ger 
072 7 |a 821.112.2-3  |x Německá próza, německy psaná  |2 Konspekt 
072 7 |a 821-93  |x Literatura pro děti a mládež (beletrie)  |2 Konspekt 
080 |a 821.112.2-32  |2 MRF 
080 |a 821-93  |2 MRF 
080 |a (0:82-32)  |2 MRF 
100 1 |a Dax, Eva,  |d 1976-  |7 xx0247200  |4 aut 
240 1 0 |a Willkommen in der Wichtelwelt.  |l Česky 
245 1 0 |a Kuba & Osvald.  |p Tajemství lesních skřítků /  |c Eva Daxová ; ilustrace Sabine Dullyová ; z německého originálu Willkommen in der Wichtelwelt - das Geheimnis der Waldwichtel ... přeložila Martina Brčáková 
246 3 0 |a Tajemství lesních skřítků 
250 |a 1. vydání 
264 1 |a V Praze :  |b Fragment,  |c 2022 
300 |a 126 stran :  |b barevné ilustrace ;  |c 24 cm 
336 |a text  |b txt  |2 rdacontent 
336 |a statický obraz  |b sti  |2 rdacontent 
337 |a bez média  |b n  |2 rdamedia 
338 |a svazek  |b nc  |2 rdacarrier 
500 |a Na obálce nad názvem: Dully & Dax 
520 2 |a Další příběhy skřítčího kluka Kuby a jeho kamaráda křečka Osvalda. Tentokrát společně se skřítkem Rozárkou hledají ztracenou královnu.  |b Zahradní skřítek Rozárka dostane nelehký úkol. Má zastoupit královnu lesních skřítků, která zmizela. Plna očekávání vyrazí se svými kamarády skřítkem Jakubem a křečkem Osvaldem do kaštanového lesa, aby spolu s lesními skřítky zařídila vše, co je třeba. Nakladatelská anotace. Kráceno. 
521 8 |a Pro děti od 6 let 
655 7 |a německé příběhy  |7 fd132944  |2 czenas 
655 7 |a publikace pro děti  |7 fd133156  |2 czenas 
655 9 |a German stories  |2 eczenas 
655 9 |a children's literature  |2 eczenas 
700 1 |a Dully, Sabine,  |d 1974-  |7 xx0247206  |4 ill 
700 1 |a Brčáková, Martina  |7 xx0272042  |4 trl 
765 1 |t Geheimnis der Waldwichtel 
787 0 8 |i Z cyklu:  |t Kuba & Osvald  |g 2 
900 |a ABA001  |b 20 
928 9 |a Albatros Media - Fragment 
044 |a xr 
910 |a RBIT002 
998 |d 361833  |a https://core.palmknihy.cz/api/books/361833/cover?si6w88  |b https://core.palmknihy.cz/api/books/361833/cover/400?si6w88  |c https://core.palmknihy.cz/api/books/361833/cover/50?si6w88  |e 2026-11-30  |g 128  |i 9788025360590  |j https://core.palmknihy.cz/api/books/361833/preview.epub  |k https://core.palmknihy.cz/api/books/361833/preview.pdf  |l   |q 49  |r 1  |s https://www.palmknihy.cz/kniha/361833  |t ebook  |y 2022  |z 0 
999 |d 311694